000
00296nam a22001337a 4500
008
171023b xxu||||| |||| 00| 0 eng d
020
_a
9780073331218
041
_a
eng
080
_2
7 ED
_a
311
100
_a
55
101
_a
STA
245
_a
ELEMENTARY STATISTICS
_c
BKUMAN
942
_2
udc
_c
BK
999
_c
35599
_d
35599